[Event "Montigny le Bretonneux Noel op 07th"]
[Site "Montigny le Bretonneux"]
[Date "2004.12.29"]
[Round "5"]
[White "Hedjazian, Farhad"]
[Black "Lecomte, Serge"]
[Result "1-0"]
[WhiteElo "1650"]
[BlackElo "1710"]
[PlyCount "61"]
[EventDate "2004.12.??"]
[EventType "swiss"]
[EventRounds "7"]
[EventCountry "FRA"]
[SourceTitle "EXT 2006"]
[Source "ChessBase"]
[SourceDate "2005.11.24"]
[SourceVersion "1"]
[SourceVersionDate "2005.11.24"]
[SourceQuality "1"]

1. e4 e6 2. d4 d5 3. exd5 exd5 4. Nf3 Nf6 5. Bg5 Be7 6. Nc3 0-0 7. Be2 c6 8. 0-0 Bg4 9. Ne5 Bxe2 10. Qxe2 Nbd7 11. f4 h6 12. Bh4 Re8 13. Rae1 Nxe5 14. fxe5 Nh7 15. Bxe7 Rxe7 16. Nd1 Qd7 17. Ne3 Rae8 18. Nf5 Re6 19. Qg4 f6 20. Nxh6+ Kh8 21. Nf5 fxe5 22. c3 e4 23. Nh4 Qd6 24. Rf7 g6 25. Ref1 Rg8 26. Rxb7 Re7 27. Rxe7 Qxe7 28. Nxg6+ Rxg6 29. Qxg6 e3 30. Rf7 Qh4 31. Qg7# 1-0

[Event "Montigny le Bretonneux Noel op 07th"]
[Site "Montigny le Bretonneux"]
[Date "2004.12.28"]
[Round "4"]
[White "Lecomte, Serge"]
[Black "Francois, Jean Claude"]
[Result "0-1"]
[WhiteElo "1710"]
[BlackElo "1939"]
[PlyCount "62"]
[EventDate "2004.12.??"]
[EventType "swiss"]
[EventRounds "7"]
[EventCountry "FRA"]
[SourceTitle "EXT 2006"]
[Source "ChessBase"]
[SourceDate "2005.11.24"]
[SourceVersion "1"]
[SourceVersionDate "2005.11.24"]
[SourceQuality "1"]

1. e4 e5 2. Nf3 Nc6 3. Be2 Nf6 4. d3 h6 5. 0-0 Bc5 6. Nc3 a6 7. h3 d6 8. Kh1 Be6 9. Be3 Nd4 10. Qd2 Qd7 11. Ng1 Nxe2 12. Qxe2 g5 13. f3 Nh5 14. Bf2 Nf4 15. Qd2 h5 16. Bxc5 dxc5 17. Nd5 Bxd5 18. exd5 Qxd5 19. g3 Ne6 20. Rac1 0-0-0 21. Qe3 f6 22. b3 g4 23. h4 Nd4 24. Rf2 Nf5 25. Qd2 gxf3 26. Kh2 Rdg8 27. Rxf3 Qe6 28. Nh3 Nd4 29. Re3 Qg4 30. Qg2 Nf5 31. Rf3 Nxh4 0-1

[Event "Montigny le Bretonneux Noel op 06th"]
[Site "Montigny le Bretonneux"]
[Date "2003.12.30"]
[Round "6"]
[White "Appavou, Calixte"]
[Black "Lecomte, Serge"]
[Result "1-0"]
[WhiteElo "1930"]
[BlackElo "1740"]
[PlyCount "91"]
[EventDate "2003.12.26"]
[EventType "swiss"]
[EventRounds "6"]
[EventCountry "FRA"]
[SourceTitle "CBM 097 Extra"]
[Source "ChessBase"]
[SourceDate "2004.01.13"]
[SourceVersion "1"]
[SourceVersionDate "2004.01.13"]
[SourceQuality "1"]

1. e4 e6 2. d4 d5 3. Nd2 dxe4 4. Nxe4 Nf6 5. Bg5 Be7 6. Bxf6 Bxf6 7. Nf3 Nd7 8. Bd3 b6 9. 0-0 Bb7 10. Re1 0-0 11. c3 g6 12. Nxf6+ Qxf6 13. Be4 Bxe4 14. Rxe4 Qg7 15. Rg4 Nf6 16. Rg5 Rfd8 17. Qe2 Rd5 18. Rxd5 Nxd5 19. Re1 Qf6 20. Ne5 Qg5 21. g3 a5 22. c4 Ne7 23. Nxf7 Kxf7 24. Qxe6+ Kf8 25. h4 Qf5 26. Qxe7+ Kg8 27. Qe6+ Qf7 28. d5 Rf8 29. Re4 Rd8 30. a3 Rd7 31. b4 axb4 32. axb4 Qxe6 33. dxe6 Re7 34. g4 h6 35. g5 hxg5 36. hxg5 Kf8 37. Rf4+ Kg8 38. Rf6 Kg7 39. f4 c6 40. Kf2 c5 41. bxc5 bxc5 42. Ke3 Rb7 43. Rf7+ Rxf7 44. exf7 Kxf7 45. Kf3 Ke6 46. Ke4 1-0

[Event "Montigny le Bretonneux Noel op 05th"]
[Site "Montigny le Bretonneux"]
[Date "2002.12.31"]
[Round "7.12"]
[White "Lecomte, Serge"]
[Black "Dazanvilliers, Patrice"]
[Result "1/2-1/2"]
[WhiteElo "1670"]
[BlackElo "2088"]
[PlyCount "50"]
[EventDate "2002.12.??"]
[EventType "swiss"]
[EventRounds "7"]
[EventCountry "FRA"]
[SourceTitle "EXT 2004"]
[Source "ChessBase"]
[SourceDate "2003.11.25"]
[SourceVersion "1"]
[SourceVersionDate "2003.11.25"]
[SourceQuality "1"]

1. d4 Nf6 2. c4 e5 3. Bg5 exd4 4. Qxd4 Be7 5. Nf3 Nc6 6. Qd1 d6 7. Nc3 0-0 8. e3 h6 9. Bh4 Bf5 10. a3 Ne4 11. Bxe7 Nxe7 12. Nxe4 Bxe4 13. Bd3 d5 14. Bxe4 dxe4 15. Nd4 c5 16. Nb3 b6 17. Qc2 f5 18. Rd1 Qc7 19. 0-0 Nc6 20. Nc1 Rad8 21. Ne2 Qe5 22. Nc3 Ne7 23. Rd2 Rxd2 24. Qxd2 Nc6 25. Rd1 Rd8 1/2-1/2